Cywilizacja uslugowa samorealizujace sie niespelnienie
Salvato in:
| Autore principale: | |
|---|---|
| Natura: | Libro |
| Lingua: | polacco |
| Pubblicazione: |
Poznan
Akademia Ekonomiczna w Poznaniu: Katedra uslug
2003
|
| Serie: | Materialy naukowe Katedry Uslug AE w Poznaniu
|
| Soggetti: | |
| Tags: |
Nessun Tag, puoi essere il primo ad aggiungerne!!
|
MARC
| LEADER | 00000nam$a2200000$$$4500 | ||
|---|---|---|---|
| 001 | 0013174 | ||
| 005 | 20240314091105.2 | ||
| 022 | |a 1641-6465 | ||
| 041 | 0 | |a pol | |
| 044 | |a PL | ||
| 245 | 1 | 0 | |a Cywilizacja uslugowa |b samorealizujace sie niespelnienie |c Kazimierz Rogozinski |
| 264 | 1 | |a Poznan |b Akademia Ekonomiczna w Poznaniu: Katedra uslug |c 2003 | |
| 300 | |a 185 s. | ||
| 490 | 1 | |a Materialy naukowe Katedry Uslug AE w Poznaniu | |
| 830 | 0 | |a Materialy naukowe Katedry Uslug AE w Poznaniu | |
| 610 | 2 | 0 | |a civilizácia |
| 610 | 2 | 0 | |a služby |
| 610 | 2 | 0 | |a marketing |
| 610 | 2 | 0 | |a spoločnosť |
| 610 | 2 | 0 | |a filozofia |
| 610 | 2 | 0 | |a kultúra |
| 610 | 2 | 0 | |a reklama |
| 100 | 1 | |a Rogozinski, Kazimierz | |